000 00363nam a2200157Ia 4500
003 Ost
005 20260225132555.0
008 260225s9999||||xx |||||||||||||| ||und||
040 _cfsic
041 _afre
082 _a440
100 _aJean-Louis Quermonne
_eAuteur
245 0 _aL'Alternance au pauvoir /
245 0 _cJean-Louis Quermonne
942 _cكتاب
999 _c34388
_d34388